00515 2200217 4500001002100000005001500021035002000036007000300056008004100059020001800100082001000118084001600128100002100144245003700165250000600202260004300208300001700251650001000268856001000278990000900288INLIS00000000000397120250226101347 a0010-0225000030ta250226 0  a9789792744101 a741.5 a741.5 YOS l0 aYoshito Yamahara1 aLegenda Naga /cYoshito Yamahara a1 aJakarta :bElek Media kopetindo,c2011 bilus ;c21cm 4akomik akomik a4189